| 000 | 00881njm a22002417a 4500 | ||
|---|---|---|---|
| 005 | 20100921145224.0 | ||
| 006 | a|||||r|||||00| 0 | ||
| 007 | sd ammalaaahaa | ||
| 008 | 100901t xxu||||| |||| 00| 0 eng d | ||
| 028 |
_aECSD. 2362 _bEMI |
||
| 035 | _aGR-03655 | ||
| 040 |
_aSED _cSED |
||
| 100 | _917891 | ||
| 245 |
_aDrums of India / _cby EMI _h[Sound recording] |
||
| 260 |
_aDum Dum, India _bEMI _c1968 |
||
| 300 |
_a1 Sound disc [Gramophone Recording] : _banalog, 33 1/3 rpm _c12 in. (LP) _fGramophone Record |
||
| 500 | _aBrief record | ||
| 500 | _aRecord Labels : EMI, Red | ||
| 505 | _aSide-1 (Pakhawaj-solo with a background of tabla tarang) --Side-2 (Mridangam-south Indian) | ||
| 650 |
_aInstrumental songs _xExcerpts _zIndia _917892 |
||
| 942 |
_2ddc _cGR |
||
| 999 |
_c47257 _d47257 |
||